| 000 | 00873nam a2200265 a 4500 | ||
|---|---|---|---|
| 999 |
_c764 _d764 |
||
| 003 | AR-BeUNQ | ||
| 005 | 20230302202256.0 | ||
| 007 | ta | ||
| 008 | 221129s2011 ag a 000 0 spa d | ||
| 020 | _a9789871652402 | ||
| 040 |
_aAR-BeUNQ _bspa _cAR-BeUNQ _eaacr |
||
| 082 | 0 | 4 |
_2Es862 _a21 |
| 100 | 1 |
_93627 _aGarcía Lorca, Federico, _d1898-1936 |
|
| 245 | 1 | 0 |
_aBodas de sangre / _cFederico García Lorca |
| 250 | _a1a ed. | ||
| 260 |
_aBuenos Aires : _bEstación Mandioca, _c2011 |
||
| 300 |
_a95 p. : _bil. ; _c19 cm. |
||
| 650 | 7 |
_aLiteratura (Arte) _2spines |
|
| 651 | 7 |
_aEspaña _2spines |
|
| 655 | 7 |
_aTeatro _2toit |
|
| 929 |
_aCOMPRA _bEstación Mandioca _d880 _e20221120 _fPAT0079063 _h1 _j60169 |
||
| 929 |
_aCOMPRA _bEstación Mandioca _d880 _e20221120 _fPAT0079064 _h2 _j60170 |
||
| 929 |
_aCOMPRA _bEstación Mandioca _d880 _e20221120 _fPAT0079065 _i3 _j60171 |
||
| 942 |
_cLIB _n1 |
||